| 000 | 00622nam a2200229 a 4500 | ||
|---|---|---|---|
| 005 | 20240910064319.0 | ||
| 008 | 030815s2000 ch r 000 0 spa d | ||
| 020 | _a9562013561 | ||
| 035 | _aUPN01000127957 | ||
| 049 | _aCG | ||
| 050 | 4 |
_aLB1025.3 _bA8.2 2000 |
|
| 100 | 1 |
_aAstolfi, Jean-Pierre, _d1943-2009 _931694 |
|
| 245 | 1 | 0 |
_aAprender en la escuela / _cJean-Pierre Astolfi. |
| 250 | _a2a ed. | ||
| 260 |
_aSantiago de Chile : _bDolmen, _c2000. |
||
| 300 | _a221 p. | ||
| 440 | 0 | _aEstudio | |
| 650 | 4 |
_aEnseñanza _xMetodología _97684 |
|
| 650 | 4 |
_aAprendizaje _92861 |
|
| 905 | _aLibro | ||
| 999 |
_c100136 _d100136 |
||